000 00532nam a22001697a 4500
999 _c20335
_d20335
008 240530b ||||| |||| 00| 0 eng d
020 _a9712326756
082 _21999
_aDFil 370.1
_bD88
100 _aDuka, Cecilio D.
_957342
245 _aPhilosophy of education /
_cCecilio D. Duka.
250 _aFirst edition.
260 _aManila :
_bRex Book Store, Inc.,
_c©1999.
300 _aviii, 142 pages :
_billustrations ;
_c22 cm.
500 _aIncludes bibliography.
650 _aEducation
_vPhilosophy.
_98466
942 _2ddc
_cDFIL